| 000 | 00592nam a2200205 u 4500 | ||
|---|---|---|---|
| 005 | 20210223131326.0 | ||
| 008 | 100623s2008 r 000 0 eng d | ||
| 020 | _a9789709854428 | ||
| 035 | _aUPN01000176921 | ||
| 049 | _aCG | ||
| 050 | 4 |
_aPQ9909 O5 _bB8.3 |
|
| 100 | 1 | _aOndjaki | |
| 245 | 1 | 0 |
_aBuenos días, camaradas / _cOndjaki ; tr. Ana M. García Iglesias. |
| 260 |
_aOaxaca : _bAlmadía, _c2008. |
||
| 300 | _a143 p. | ||
| 440 | 0 |
_aMar abierto. _pNarrativa contemporánea |
|
| 534 |
_pTraducción de: _tBom dia camaradas |
||
| 650 | 4 |
_aCUENTOS AFRICANOS _912227 |
|
| 905 | _aLibro | ||
| 999 |
_c149024 _d149024 |
||